01688 2200193 4500001002100000005001500021035002000036245003900056100001600095250001700111300003300128260003300161082000800194084001400202020002200216650001000238520121200248500003401460INLIS00000000000056920240821103433 a0010-08240000871 aKrakatau! Krakatau! /cT. Bachtiar0 aT. Bachtiar acetakan ke-1 aiv, 100 hlm :bIlus ;c21 cm aJakarta :bAzka Press,c2006 a813 a813 T. k a978-979-744-400-7 4aFiksi aBeberapa peneliti dari indonesia dan jerman akan melakukan penelitian ke puncak gunung anak krakatau. Salah satu dari peneliti adalah Mang Wawan, pamannya Andri. Kemudian, Mang Wawan mengajak andri dan kawan-kawannya untuk ikut dalam rombongan. Mereka sangat senang mengetahui kabar tersebut karena mereka belum pernah ke pulau krakatau yang terkenal itu. Selama di perjalanan, Andri, doni, gani, dan giri mendengar banyak cerita mengenai kejadian-kejadian sebelum dan sesudah meletusnya gunung krakatau dari para peneliti tersebut. Cerita-cerita itu membuat mereka kagum sekaligus takut jika setibanya disana, gunung itu meletus. Namun, mereka adalah anak-anak pemberani dan suka berpetualang. Mereka tidak lagi meghiraukan cerita-cerita itu. Ketika mendaki gunung anak krakatau, mereka memperoleh berbagai pengalaman dan pengetahuan, misalnya mengenai tumbuh-tumbuhan dan makhluk hidup yang ada di sekitar hutan anak krakatau. Apa saja yang mereka temui ketika mendaki gunung anak krakatau? Berhasilkah mereka menaklukan gunung itu? Dengan membaca cerita ini, kalian akan menemukan jawabannya. Selain itu, kalian juga akan diajak berpetualang dan mengenal hal-hal penting seputar sejarah pulau krakatau. aSeri Pengetahuan Bencana Alam